• 首页
  • 本馆介绍
  • 公告通知
  • 最新文献
  • 馆藏检索
  • 电子资源
  • 读者导购
  • 参考咨询
  • 我的图书馆
  • 登录
  • 详细信息显示
  • 放入我的书架
  • 预约/预借图书
  • 作者相关作品
  • 分类相关作品
  • 丛书相关作品
  • 出版社相关作品

书目信息

  • 表格格式
  • 工作单格式
  • 卡片格式
题名:
清代文字狱档
    
 
作者: ;原北平故宫博物院文献馆 编
分册: 上  
出版信息: 上海   上海书店  1986
页数: 1册
开本: 19cm
丛书名: 清代历史资料丛刊
单 册:
中图分类: K249.205 , K249.6
科图分类:
主题词: 文字狱--中国--清代 , 中国--历史
电子资源:
ISBN:
000 00815nam2 2200289 45
001 0186006655
005 20040509082407.7
010    @dCNY7.80
100    @a19951113d1986 em y0chiy0121 ea
101 0  @achi
102    @aCN@b310000
105    @ay z 000yy
106    @ar
200 10 @a清代文字狱档@h上@Aqing dai wen zi yu dang@f原北平故宫博物院文献馆编
205    @a影印本
210    @a上海@c上海书店@d1986
215    @a1册@d19cm
225 2  @a清代历史资料丛刊
410  0 @120010@a清代历史资料丛刊
606    @a文字狱@y中国@z清代
606 0  @a中国@x历史
690    @aK249.205@v3
690    @aK249.6@v3
711 02 @a原北平故宫博物院文献馆@4编@Ayuan bei ping gu gong bo wu yuan wen xian guan
801  0 @aCN@b深圳图书馆@c20031224
801  2 @aCN@bNLC@c20031224
905    @dK249.6@e32:1@f1@b157398
    
    清代文字狱档.上/原北平故宫博物院文献馆编.-影印本.-上海:上海书店,1986
    1册;19cm.-(清代历史资料丛刊)
    
    
    ISBN :CNY7.80
    
●
相关链接 在E读中查询图书 在五车中查询图书 在当当中查询图书 在豆瓣中查询图书


正题名:清代文字狱档     索取号:K249.6/32:1         预约/预借

序号 登录号 条形码 馆藏地/架位号 状态 备注
1 0157398   000926029   第二样本阅览室/ [索取号:K249.6/32:1] 在馆    
2 0157399   001860169   密集书库/ [索取号:K249.6/32:1] 在馆    
唐山师范学院图书馆 欢迎您!
大连网信软件有限公司© 版权所有